| 000 | 01944nam0a2200337 4500 | ||
|---|---|---|---|
| 001 | RU\NLR\BIBL_A\011370605 | ||
| 005 | 20241104141851.0 | ||
| 010 |
_a9785990916890 _9300 |
||
| 021 |
_aRU _b2017-21543 _91598 |
||
| 035 | _a(RuMoRGB)008836422 | ||
| 035 | _a(NLR Aleph) 011370605 | ||
| 090 |
_a11348981 _c11348981 |
||
| 100 | _a20170419d2016 k y0rusy50 ca | ||
| 101 | 0 | _arus | |
| 102 | _aRU | ||
| 105 | _ay|||zzzz0|1yy | ||
| 200 | 1 |
_aГосударственно-правовая природа субъекта Российской Федерации _e(на примере Чеченской Республики) _eмонография _fК. С. Иналкаева _gФедеральное государственное бюджетное образовательное учреждение высшего образования "Чеченский государственный педагогический университет", Кафедра "Правовых дисциплин" |
|
| 210 |
_aГрозный _cФГБОУ ВО "Чеченский государственный педагогический университет" _d2016 |
||
| 215 |
_a209 с. _d21 |
||
| 300 | _aНа 4-й с. обл. авт.: Иналкаева К. С., к. ю. н., доц. | ||
| 320 | _aБиблиогр.: с. 193-209 (130 назв.) и в подстроч. примеч. | ||
| 607 |
_aРоссийская Федерация _xСубъекты _xПравовой статус _92096864 _3RU\NLR\AUTH\661268622 |
||
| 607 |
_aЧеченская Республика _xПравовой статус _92630109 _3RU\NLR\AUTH\661566669 |
||
| 686 |
_aХ620.423Чеченская Республика,0 _2rubbk |
||
| 686 | 1 | _aХ620.420.2 | |
| 686 | 1 | _aХ620.42(2Р-6Че)02 | |
| 700 | 1 |
_aИналкаева _bК. С. _gКазбан Саматовна |
|
| 942 | _cBOOK | ||
| 980 | _aNBR | ||